000
00300nam a2200133 4500
008
181226b xxu||||| |||| 00| 0 eng d
020
_a
9780321421326
041
_a
eng
080
_2
9th
_a
510
100
_a
36
101
_a
MAT
245
_a
Calculus with Applications
_c
Lial,M.L
942
_2
ddc
_c
BK
999
_c
53765
_d
53765